=LDR 00000nam 2200000 4500 =001 INLIS000000000021360 =005 20130612120226 =008 ***********************************Ind** =035 ##$$0010-061300000021360 =041 ##$$a Ind =082 ##$$a 635 =090 ##$$a 635, Ruk b =100 ##$$a Rukmana, Rahmat =245 ##$$a Budidaya Pare, Rahmat Rukmana =260 ##$$a 1997 $b Yogyakarta =300 ##$$a 55 hlm, Ilus, 21 cm =650 ##$$a Pare - Budidaya =850 ##$$a NBPNMAT